[Event "Oberliga Ost-B 1718"]
[Site "Germany"]
[Date "2018.03.18"]
[Round "9.6"]
[White "Mann, Jonas"]
[Black "Prenzler, Daniel"]
[Result "0-1"]
[WhiteElo "1885"]
[BlackElo "2166"]
[PlyCount "34"]
[EventDate "2017.10.22"]
[EventType "team-tourn"]
[EventRounds "11"]
[EventCountry "GER"]
[SourceTitle "EXT 2019"]
[Source "ChessBase"]
[SourceDate "2018.10.10"]
[SourceVersion "1"]
[SourceVersionDate "2018.10.10"]
[SourceQuality "1"]
[WhiteTeam "Stadtilm Blau Weiss"]
[BlackTeam "Frankfurt Koenig Nied"]
[WhiteTeamCountry "GER"]
[BlackTeamCountry "GER"]

1. c4 Nf6 2. Nc3 g6 3. g3 Bg7 4. Bg2 0-0 5. e4 d6 6. Nge2 c5 7. 0-0 Nc6 8. d3 Rb8 9. h3 Ne8 10. g4 a6 11. f4 b5 12. Ng3 Qa5 13. f5 bxc4 14. dxc4 Bxc3 15. bxc3 Qxc3 16. Bf4 Qxc4 17. Kh1 Qd4 0-1

[Event "Vellmar op 9th"]
[Site "Vellmar"]
[Date "2017.07.16"]
[Round "6"]
[White "Koronowski, Heinz Juergen"]
[Black "Mann, Jonas"]
[Result "1/2-1/2"]
[WhiteElo "1753"]
[BlackElo "1899"]
[PlyCount "112"]
[EventDate "2017.07.13"]
[EventType "swiss"]
[EventRounds "7"]
[EventCountry "GER"]
[SourceTitle "CBM 179 Extra"]
[Source "ChessBase"]
[SourceDate "2017.08.23"]
[SourceVersion "1"]
[SourceVersionDate "2017.08.23"]
[SourceQuality "1"]

1. e4 c5 2. Nc3 Nc6 3. f4 g6 4. Nf3 Bg7 5. Bb5 Nd4 6. 0-0 a6 7. Bd3 d6 8. a4 Bg4 9. Be2 Bxf3 10. Bxf3 e6 11. Ne2 Ne7 12. c3 Ndc6 13. d3 0-0 14. Be3 Qc7 15. Ng3 b5 16. axb5 axb5 17. Qd2 Na5 18. Qc2 c4 19. d4 Nb3 20. Rxa8 Rxa8 21. f5 d5 22. fxe6 fxe6 23. Ne2 Rf8 24. Bg4 Rxf1+ 25. Kxf1 Qc6 26. Bf3 Qa6 27. Bg5 dxe4 28. Bxe4 Nd5 29. Bxd5 exd5 30. g3 Qe6 31. Kg2 Na1 32. Nf4 Qg4 33. Qb1 Nb3 34. h4 h6 35. Be7 g5 36. Qg6 Nd2 37. Qe6+ Qxe6 38. Nxe6 Kf7 39. Nxg7 Kxg7 40. hxg5 hxg5 41. Bxg5 Ne4 42. Bc1 Kg6 43. Kf3 Kf5 44. g4+ Ke6 45. Bf4 Kf6 46. Bc7 Ke6 47. Bg3 Ng5+ 48. Ke3 Ne4 49. Bh4 Nd6 50. Be1 Nf7 51. Kf4 Kf6 52. Bh4+ Ke6 53. g5 Nh8 54. Kg4 Ng6 55. Bg3 Ne7 56. Be5 Ng6 1/2-1/2

[Event "Vellmar op 9th"]
[Site "Vellmar"]
[Date "2017.07.13"]
[Round "1"]
[White "Viebahn, Dirk"]
[Black "Mann, Jonas"]
[Result "1-0"]
[WhiteElo "2164"]
[BlackElo "1899"]
[PlyCount "47"]
[EventDate "2017.07.13"]
[EventType "swiss"]
[EventRounds "7"]
[EventCountry "GER"]
[SourceTitle "CBM 179 Extra"]
[Source "ChessBase"]
[SourceDate "2017.08.23"]
[SourceVersion "1"]
[SourceVersionDate "2017.08.23"]
[SourceQuality "1"]

1. Nf3 Nf6 2. d4 g6 3. Bg5 Bg7 4. Nbd2 0-0 5. e4 d6 6. Bd3 Nbd7 7. c3 c5 8. h3 Qc7 9. 0-0 b6 10. Re1 Bb7 11. a4 Rfe8 12. a5 bxa5 13. Qa4 Nf8 14. Qxa5 Rec8 15. Qa2 a5 16. Bc4 e6 17. Bf4 cxd4 18. Nxd4 Ba6 19. Bxa6 Rxa6 20. e5 dxe5 21. Bxe5 Qc5 22. b4 Qxc3 23. b5 Rb6 24. Nc6 1-0

[Event "Erfurt HT op 24th"]
[Site "Erfurt"]
[Date "2014.12.26"]
[Round "1"]
[White "Siebarth, Marco"]
[Black "Mann, Jonas"]
[Result "1/2-1/2"]
[WhiteElo "2037"]
[BlackElo "1803"]
[PlyCount "121"]
[EventDate "2014.12.26"]
[EventType "swiss"]
[EventRounds "8"]
[EventCountry "GER"]
[SourceTitle "CBM 164 Extra"]
[Source "ChessBase"]
[SourceDate "2015.03.02"]
[SourceVersion "1"]
[SourceVersionDate "2015.03.02"]
[SourceQuality "1"]

1. f4 c5 2. Nf3 d6 3. g3 Nf6 4. Bg2 g6 5. 0-0 Bg7 6. Nc3 0-0 7. e4 Nc6 8. h3 Rb8 9. d3 b5 10. Qe1 b4 11. Ne2 a5 12. g4 Nd7 13. Rb1 a4 14. Be3 b3 15. axb3 axb3 16. c3 Ba6 17. Nc1 Qa5 18. Nd2 Qa4 19. Bf3 c4 20. dxc4 Bxc4 21. Nxc4 Qxc4 22. Qe2 Qxe2 23. Bxe2 Nc5 24. Bxc5 dxc5 25. Nd3 c4 26. Nf2 Na5 27. Rfd1 Rfd8 28. Ra1 Rxd1+ 29. Nxd1 Rb5 30. Ra4 Rc5 31. Rb4 e5 32. Rb8+ Bf8 33. f5 f6 34. Ne3 Kf7 35. Nd5 Bh6 36. fxg6+ hxg6 37. Nb6 Rb5 38. Nxc4 Rxb8 39. Nxa5 Bc1 40. Nxb3 Bxb2 41. Bc4+ Kg7 42. Nc5 Bxc3 43. Ne6+ Kh6 44. Kg2 Rb2+ 45. Kf3 Be1 46. Ke3 Rc2 47. Be2 Rc6 48. Nd8 Rc3+ 49. Bd3 Kg5 50. Ne6+ Kh4 51. Nf8 Kxh3 52. Nxg6 Kxg4 53. Ne7 Bh4 54. Kd2 Ra3 55. Be2+ Kh3 56. Bf1+ Kh2 57. Bc4 Kg2 58. Bd5 Kf2 59. Nf5 Bg5+ 60. Kc2 Kf3 61. Nd6 1/2-1/2

[Event "GER-chT U16"]
[Site "Lingen"]
[Date "2013.12.28"]
[Round "3.3"]
[White "Mann, Jonas"]
[Black "Lemke, Berfin"]
[Result "1/2-1/2"]
[WhiteElo "1697"]
[BlackElo "1709"]
[PlyCount "61"]
[EventDate "2013.12.27"]
[EventType "team-swiss"]
[EventRounds "7"]
[EventCountry "GER"]
[SourceTitle "EXT 2015"]
[Source "ChessBase"]
[SourceDate "2014.11.20"]
[SourceVersion "1"]
[SourceVersionDate "2014.11.20"]
[SourceQuality "1"]
[WhiteTeam "Stadtilm Blau Weiss"]
[BlackTeam "Koenigsspringer"]
[WhiteTeamCountry "GER"]
[BlackTeamCountry "GER"]

1. c4 e5 2. Nc3 Nc6 3. g3 Bc5 4. Bg2 a6 5. e3 d6 6. Nge2 Ba7 7. 0-0 h5 8. d4 h4 9. dxe5 Nxe5 10. Nd4 hxg3 11. fxg3 Nf6 12. Nd5 Nxd5 13. Bxd5 c6 14. Bg2 0-0 15. b3 Bg4 16. Qc2 Qg5 17. h3 Bd7 18. Kh2 Qh5 19. Nf5 Bxf5 20. Rxf5 Qg6 21. Be4 Qh6 22. Rf4 Ng6 23. Rg4 Rfe8 24. Bxg6 fxg6 25. e4 Be3 26. Bb2 Rf8 27. Rh4 Qg5 28. Qc3 Rf2+ 29. Kh1 Rf7 30. Rg4 Qh6 31. Rh4 1/2-1/2

[Event "GER-ch U25 op-A"]
[Site "Oberhof"]
[Date "2012.06.01"]
[Round "8"]
[White "Hartmann, Jakob"]
[Black "Mann, Jonas"]
[Result "0-1"]
[WhiteElo "1723"]
[BlackElo "1541"]
[PlyCount "78"]
[EventDate "2012.05.27"]
[EventType "swiss"]
[EventRounds "9"]
[EventCountry "GER"]
[SourceTitle "CBM 148 Extra"]
[Source "ChessBase"]
[SourceDate "2012.06.22"]
[SourceVersion "1"]
[SourceVersionDate "2012.06.22"]
[SourceQuality "1"]

1. e4 c5 2. Nf3 d6 3. d4 cxd4 4. Nxd4 Nf6 5. Nc3 a6 6. Be3 e5 7. Nf3 Be7 8. h3 0-0 9. Qd2 Nc6 10. Bd3 Be6 11. 0-0-0 Qa5 12. a3 b5 13. g4 b4 14. Nb1 d5 15. Ng5 d4 16. Nxe6 dxe3 17. fxe3 fxe6 18. g5 Nd7 19. Bc4 Nc5 20. g6 h6 21. Qg2 Bg5 22. Rhe1 bxa3 23. Nxa3 Rad8 24. Qg4 Rde8 25. h4 Bf6 26. Rf1 Qc7 27. Rf3 Na5 28. Ba2 Qb6 29. Rdf1 Na4 30. b3 Nc3 31. Kb2 Nxa2 32. Kxa2 Rc8 33. Qh5 Rxc2+ 34. Nxc2 Qxb3+ 35. Ka1 Qxc2 36. Rb1 Qa4+ 37. Kb2 Qb3+ 38. Kc1 Rc8+ 39. Kd2 Rc2+ 0-1

[Event "GER-ch U25 op-A"]
[Site "Oberhof"]
[Date "2012.05.28"]
[Round "3"]
[White "Mann, Jonas"]
[Black "Blumenthal, Clemens"]
[Result "0-1"]
[WhiteElo "1541"]
[BlackElo "1435"]
[PlyCount "40"]
[EventDate "2012.05.27"]
[EventType "swiss"]
[EventRounds "9"]
[EventCountry "GER"]
[SourceTitle "CBM 148 Extra"]
[Source "ChessBase"]
[SourceDate "2012.06.22"]
[SourceVersion "1"]
[SourceVersionDate "2012.06.22"]
[SourceQuality "1"]

1. c4 Nf6 2. Nc3 e6 3. g3 Nc6 4. Bg2 Be7 5. e3 b6 6. Nge2 Bb7 7. 0-0 h5 8. d4 h4 9. d5 Na5 10. b3 hxg3 11. fxg3 Bc5 12. Nf4 a6 13. Nd3 Bd6 14. Ne4 Nxe4 15. Bxe4 Qe7 16. Bb2 Qg5 17. Qf3 f5 18. Ne5 Qf6 19. Nd3 Qh6 20. Ne5 Qxh2# 0-1

[Event "GER-chB U25"]
[Site "Oberhof"]
[Date "2011.06.12"]
[Round "1"]
[White "Mann, Jonas"]
[Black "Binner, Pascal"]
[Result "1-0"]
[WhiteElo "1381"]
[BlackElo "975"]
[PlyCount "61"]
[EventDate "2011.06.11"]
[EventType "swiss"]
[EventRounds "9"]
[EventCountry "GER"]
[SourceTitle "CBM 142 Extra"]
[Source "ChessBase"]
[SourceDate "2011.06.27"]
[SourceVersion "1"]
[SourceVersionDate "2011.06.27"]
[SourceQuality "1"]

1. Nc3 d6 2. e4 g6 3. Nf3 Bg7 4. d4 Nd7 5. Be3 e5 6. d5 Ngf6 7. Qd2 0-0 8. 0-0-0 Ne8 9. Bh6 a5 10. Bxg7 Kxg7 11. h4 Nc5 12. h5 Nf6 13. hxg6 fxg6 14. Qh6+ Kh8 15. Ng5 Qe7 16. Qxg6 c6 17. Be2 b5 18. dxc6 Rd8 19. Nf7+ Qxf7 20. Qxf7 Ne6 21. Qxf6+ Kg8 22. Nd5 Ra7 23. Ne7+ Rxe7 24. Qxe7 b4 25. Rxd6 Rxd6 26. Qxd6 Nf8 27. Bc4+ Be6 28. Bxe6+ Nxe6 29. Qxe6+ Kf8 30. Rxh7 b3 31. Qf7# 1-0

[Event "GER-ch U25 op"]
[Site "Willingen"]
[Date "2009.06.06"]
[Round "9"]
[White "Mann, Jonas"]
[Black "Wang, Julia"]
[Result "0-1"]
[WhiteElo "1296"]
[BlackElo "1506"]
[PlyCount "106"]
[EventDate "2009.05.30"]
[EventType "swiss"]
[EventRounds "9"]
[EventCountry "GER"]
[SourceTitle "EXT 2010"]
[Source "ChessBase"]
[SourceDate "2010.11.25"]
[SourceVersion "1"]
[SourceVersionDate "2010.11.25"]
[SourceQuality "1"]

1. Nc3 c6 2. e4 d5 3. f4 dxe4 4. Nxe4 Nd7 5. Qe2 e6 6. Nf3 Ngf6 7. Nf2 Bc5 8. g3 Nb6 9. Nd3 Bd6 10. b3 Nbd5 11. a3 b6 12. Bg2 Bb7 13. 0-0 0-0 14. Bb2 c5 15. Nfe5 Bxe5 16. Nxe5 Rb8 17. c4 Ne7 18. Bxb7 Rxb7 19. Ng4 Nxg4 20. Qxg4 Ng6 21. Bc3 Re8 22. h4 f5 23. Qf3 Rd7 24. h5 Rd3 25. Qf2 Nf8 26. Kh2 h6 27. Qg2 Nd7 28. Rae1 Kh7 29. Qh3 Nf6 30. Kh1 Ne4 31. Rxe4 fxe4 32. Qg4 Qe7 33. Qg6+ Kh8 34. Qxh6+ Kg8 35. Qg6 Qf7 36. Qg4 e3 37. h6 exd2 38. Bxg7 Kh7 39. Qe2 Rxg3 40. Be5 Rh3+ 41. Kg2 Rxh6 42. Qe4+ Qg6+ 43. Qxg6+ Kxg6 44. Rd1 Rd8 45. Kf2 Rh2+ 46. Kg1 Re2 47. Kf1 Re3 48. Kf2 Rxb3 49. Rg1+ Kh5 50. Rh1+ Kg4 51. Rg1+ Kf5 52. Ke2 Ke4 53. Rd1 Rxa3 0-1

[Event "GER-ch U25 op"]
[Site "Willingen"]
[Date "2009.06.04"]
[Round "7"]
[White "Mann, Jonas"]
[Black "Wachinger, David"]
[Result "1-0"]
[WhiteElo "1296"]
[BlackElo "1386"]
[PlyCount "75"]
[EventDate "2009.05.30"]
[EventType "swiss"]
[EventRounds "9"]
[EventCountry "GER"]
[SourceTitle "EXT 2010"]
[Source "ChessBase"]
[SourceDate "2010.11.25"]
[SourceVersion "1"]
[SourceVersionDate "2010.11.25"]
[SourceQuality "1"]

1. Nc3 d5 2. e4 c6 3. f4 e6 4. Nf3 Nd7 5. d4 Bb4 6. exd5 cxd5 7. Bd3 Ngf6 8. 0-0 Qc7 9. Bd2 0-0 10. Ne5 Ba5 11. Qe1 Bb6 12. Nb5 Qd8 13. Bb4 Re8 14. Nd6 Bxd4+ 15. Kh1 Nxe5 16. fxe5 Nd7 17. Nxe8 Qxe8 18. Qh4 Bc5 19. Qxh7+ Kf8 20. Qh8+ Ke7 21. Bxc5+ Nxc5 22. Qh4+ Kf8 23. Rxf7+ Qxf7 24. Rf1 Qxf1+ 25. Bxf1 a6 26. Qf2+ Ke8 27. Qxc5 Bd7 28. Be2 Rc8 29. Bh5+ Kd8 30. Qf8+ Kc7 31. Qxg7 Kc6 32. Qe7 Kb6 33. Qxd7 Rxc2 34. Qxe6+ Ka7 35. Qxd5 Rc8 36. h3 Rc1+ 37. Kh2 Re1 38. e6 1-0

[Event "GER-ch U25 op"]
[Site "Willingen"]
[Date "2009.05.30"]
[Round "1"]
[White "Mann, Jonas"]
[Black "Ohnesorg, Felix"]
[Result "0-1"]
[WhiteElo "1296"]
[BlackElo "1822"]
[PlyCount "48"]
[EventDate "2009.05.30"]
[EventType "swiss"]
[EventRounds "9"]
[EventCountry "GER"]
[SourceTitle "EXT 2010"]
[Source "ChessBase"]
[SourceDate "2010.11.25"]
[SourceVersion "1"]
[SourceVersionDate "2010.11.25"]
[SourceQuality "1"]

1. e4 e5 2. Nf3 Nc6 3. d4 exd4 4. Nxd4 Nf6 5. Nc3 Bb4 6. f3 0-0 7. Bc4 d5 8. Nxc6 bxc6 9. e5 Nd7 10. Bb3 Nxe5 11. 0-0 Re8 12. f4 Ng4 13. f5 Bc5+ 14. Kh1 Nf2+ 15. Rxf2 Bxf2 16. Bd2 Qh4 17. Qf3 Bc5 18. Nxd5 Bd6 19. Nf4 Bxf4 20. Bxf4 Re1+ 21. Qf1 Rxf1+ 22. Rxf1 Ba6 23. Bg3 Qxg3 24. hxg3 Bxf1 0-1

[Event "GER-ch U10"]
[Site "Willingen"]
[Date "2008.05.11"]
[Round "8"]
[White "Gerken, Frieso"]
[Black "Mann, Jonas"]
[Result "1-0"]
[WhiteElo "878"]
[BlackElo "1081"]
[PlyCount "67"]
[EventDate "2008.05.11"]
[EventType "swiss"]
[EventRounds "11"]
[EventCountry "GER"]
[SourceTitle "CBM 124 Extra"]
[Source "ChessBase"]
[SourceDate "2008.07.03"]
[SourceVersion "1"]
[SourceVersionDate "2008.07.03"]
[SourceQuality "1"]

1. e4 c5 2. Nc3 Nc6 3. g3 d6 4. Bg2 g6 5. d3 Bg7 6. f4 e6 7. Nf3 Nge7 8. 0-0 0-0 9. g4 f5 10. exf5 exf5 11. g5 a6 12. Re1 b5 13. Be3 Nd4 14. Nxd4 cxd4 15. Bxa8 dxe3 16. Qe2 Bd4 17. Nd1 Bd7 18. Bb7 Qb6 19. Bf3 Re8 20. c3 Bg7 21. Nxe3 Nc6 22. Kg2 Qa7 23. Rad1 Qb6 24. Qd2 Qa5 25. a3 Kh8 26. c4 b4 27. axb4 Nxb4 28. Nc2 Rb8 29. Nxb4 Rxb4 30. Kg3 Qc5 31. Qe3 Bd4 32. Qe7 Bf2+ 33. Kh3 Bxe1 34. Qf8# 1-0

[Event "GER-ch U10"]
[Site "Willingen"]
[Date "2008.05.11"]
[Round "9"]
[White "Mann, Jonas"]
[Black "Baberz, Alexander"]
[Result "1-0"]
[WhiteElo "1081"]
[BlackElo "984"]
[PlyCount "35"]
[EventDate "2008.05.11"]
[EventType "swiss"]
[EventRounds "11"]
[EventCountry "GER"]
[SourceTitle "CBM 124 Extra"]
[Source "ChessBase"]
[SourceDate "2008.07.03"]
[SourceVersion "1"]
[SourceVersionDate "2008.07.03"]
[SourceQuality "1"]

1. e4 c5 2. Nc3 Nc6 3. f4 a6 4. Nf3 e6 5. a4 d6 6. Bc4 g6 7. d4 cxd4 8. Nxd4 Qc7 9. 0-0 Bg7 10. Be3 Nge7 11. Nf3 0-0 12. Qe1 Bd7 13. Qh4 Nb4 14. Rac1 Nbc6 15. Ng5 h6 16. Nf3 Rfe8 17. f5 exf5 18. Bxh6 1-0

[Event "GER-ch U10"]
[Site "Willingen"]
[Date "2008.05.11"]
[Round "11"]
[White "Mann, Jonas"]
[Black "Buttgereit, Vincent"]
[Result "1-0"]
[WhiteElo "1081"]
[BlackElo "928"]
[PlyCount "79"]
[EventDate "2008.05.11"]
[EventType "swiss"]
[EventRounds "11"]
[EventCountry "GER"]
[SourceTitle "CBM 124 Extra"]
[Source "ChessBase"]
[SourceDate "2008.07.03"]
[SourceVersion "1"]
[SourceVersionDate "2008.07.03"]
[SourceQuality "1"]

1. e4 e5 2. Nc3 Nf6 3. f4 d6 4. Nf3 Nbd7 5. Bc4 Nc5 6. d3 Bg4 7. 0-0 Qe7 8. Be3 Ne6 9. Bxe6 fxe6 10. Qd2 Bh5 11. h3 exf4 12. Bxf4 e5 13. Be3 Qd7 14. Nd5 Nxd5 15. exd5 Qb5 16. c4 Qd7 17. Ng5 0-0-0 18. Ne6 Re8 19. Qa5 a6 20. b4 Rxe6 21. dxe6 Qxe6 22. b5 Be2 23. Rfc1 Bxd3 24. bxa6 bxa6 25. Qxa6+ Kd7 26. Qa4+ Ke7 27. c5 Kf7 28. cxd6 cxd6 29. Rc7+ Be7 30. Bg5 Re8 31. Qxe8+ Kxe8 32. Rxe7+ Qxe7 33. Bxe7 Kxe7 34. a4 Kd7 35. a5 Ba6 36. Kf2 d5 37. Ke3 d4+ 38. Ke4 Kd6 39. Rb1 Bb5 40. Rxb5 1-0

[Event "GER-ch U10"]
[Site "Willingen"]
[Date "2008.05.11"]
[Round "3"]
[White "Mann, Jonas"]
[Black "Storch, Domenic"]
[Result "0-1"]
[WhiteElo "1081"]
[BlackElo "1338"]
[PlyCount "126"]
[EventDate "2008.05.11"]
[EventType "swiss"]
[EventRounds "11"]
[EventCountry "GER"]
[SourceTitle "CBM 124 Extra"]
[Source "ChessBase"]
[SourceDate "2008.07.03"]
[SourceVersion "1"]
[SourceVersionDate "2008.07.03"]
[SourceQuality "1"]

1. e4 c5 2. Nc3 Nc6 3. f4 d6 4. Nf3 Bd7 5. Bc4 e6 6. 0-0 Be7 7. d3 a6 8. a4 Qc7 9. Be3 Nf6 10. Qe1 0-0 11. Qg3 e5 12. fxe5 dxe5 13. Nh4 Nh5 14. Qf2 Nf4 15. Bxf4 exf4 16. Qxf4 Qxf4 17. Rxf4 Nd4 18. Nf3 Nxc2 19. Rc1 Nd4 20. Nxd4 cxd4 21. Nd5 Bg5 22. Rcf1 Bxf4 23. Rxf4 Rad8 24. g4 Bxa4 25. g5 Bd1 26. g6 Bh5 27. gxf7+ Kh8 28. Ne7 Rd7 29. Nc8 b5 30. Be6 Rc7 31. Rf2 a5 32. Nd6 Rc6 33. e5 Rc5 34. Ne4 Rxe5 35. Ba2 Bd1 36. Rd2 Bf3 37. Rc2 Bxe4 38. dxe4 Rxe4 39. Bb1 Re1+ 40. Kg2 Rxb1 41. h3 g6 42. Rf2 Kg7 43. Rd2 Rxf7 44. Rxd4 Rxb2+ 45. Kg3 b4 46. Rd5 a4 47. Ra5 a3 48. h4 a2 49. Kg4 Rg2+ 50. Kh3 b3 51. Ra3 b2 52. Rxa2 b1Q 53. Rxg2 Rf3+ 54. Kh2 Qb8+ 55. Kh1 Rf1+ 56. Rg1 Rxg1+ 57. Kxg1 Qg3+ 58. Kh1 Qxh4+ 59. Kg1 g5 60. Kf1 g4 61. Kg2 g3 62. Kg1 Qh2+ 63. Kf1 Qf2# 0-1

[Event "GER-ch U10"]
[Site "Willingen"]
[Date "2008.05.11"]
[Round "6"]
[White "Palm, Soeren"]
[Black "Mann, Jonas"]
[Result "1-0"]
[WhiteElo "1261"]
[BlackElo "1081"]
[PlyCount "41"]
[EventDate "2008.05.11"]
[EventType "swiss"]
[EventRounds "11"]
[EventCountry "GER"]
[SourceTitle "CBM 124 Extra"]
[Source "ChessBase"]
[SourceDate "2008.07.03"]
[SourceVersion "1"]
[SourceVersionDate "2008.07.03"]
[SourceQuality "1"]

1. e4 c5 2. Nf3 d6 3. d4 cxd4 4. Qxd4 Nf6 5. Bg5 Nbd7 6. Nc3 a6 7. 0-0-0 e6 8. Qd3 Be7 9. Nd4 0-0 10. f4 Nc5 11. Qf3 Qb6 12. Kb1 Bd7 13. e5 Bc6 14. Nxc6 bxc6 15. exf6 Rab8 16. b3 Bxf6 17. Bxf6 gxf6 18. Rxd6 Rfc8 19. Ne4 Nb7 20. Nxf6+ Kf8 21. Nd7+ 1-0

[Event "GER-ch U10"]
[Site "Willingen"]
[Date "2008.05.11"]
[Round "2"]
[White "Wagner, Swenja"]
[Black "Mann, Jonas"]
[Result "0-1"]
[WhiteElo "832"]
[BlackElo "1081"]
[PlyCount "60"]
[EventDate "2008.05.11"]
[EventType "swiss"]
[EventRounds "11"]
[EventCountry "GER"]
[SourceTitle "CBM 124 Extra"]
[Source "ChessBase"]
[SourceDate "2008.07.03"]
[SourceVersion "1"]
[SourceVersionDate "2008.07.03"]
[SourceQuality "1"]

1. e4 c5 2. Nf3 d6 3. Nc3 Nf6 4. Bb5+ Bd7 5. Bxd7+ Nbxd7 6. d3 e6 7. 0-0 Be7 8. Bf4 0-0 9. d4 cxd4 10. Nxd4 e5 11. Bg3 exd4 12. Qxd4 Nc5 13. Bf4 Qb6 14. Qe3 Ncxe4 15. Qf3 Nxc3 16. bxc3 Qc6 17. Qg3 Nh5 18. Qg4 Nxf4 19. Qxf4 Qxc3 20. Rfe1 Bf6 21. Rac1 h6 22. Qxd6 Rae8 23. Red1 Bg5 24. Rb1 Qxc2 25. g3 Rd8 26. Qb4 Rxd1+ 27. Rxd1 Qxd1+ 28. Kg2 Qd5+ 29. Kf1 Re8 30. Qa4 Qh1# 0-1